Normal view
MARC view
Entry Personal Name
001 - CONTROL NUMBER
- control field: 86145
003 - CONTROL NUMBER IDENTIFIER
- control field: dpl
005 - DATE AND TIME OF LATEST TRANSACTION
- control field: 20251222152725.0
008 - FIXED-LENGTH DATA ELEMENTS
- fixed length control field: 251222|| aca||aabn | a|a d
040 ## - CATALOGING SOURCE
- Original cataloging agency: dpl
- Transcribing agency: dpl
100 ## - HEADING--PERSONAL NAME
- Personal name: Pathak Guptajit
670 ## - SOURCE DATA FOUND
- Source citation: Work cat.: (dpl)210349: Pathak Guptajit, Historical Trends And Cultural Identity Of India /, 2021
